000 01025cam a22002531 4500
001 sa 68005444
003 DLC
005 20260227112509.0
008 710915s1968 ii k 000 0 eng
010 _asa 68005444
025 _aPL480:I-E-10077
040 _aDLC
_cDLC
_dDLC
043 _aa-ii---
050 0 0 _aKNU8100.5.A311953
_bA76 1968
082 0 0 _a340
110 1 _aUttar Pradesh, India.
_kLaws, statutes, etc.
245 1 0 _aCommentaries on U.P. consolidation of holdings act, 1953 (U.P. act no. v of 1954)
_bto-gether with rules, notifications, charts showing when and where the consolidation operations were started, cancelled or closed with an exhaustive and uptodate digest of case law,
_cby Ejaz Ahmed and K. K. Malik.
260 _aLucknow,
_bEastern Book Co.
_c[1968]
300 _axxxiii, 476, [a]-1, cxxi p.
_bforms.
_c25 cm.
350 _aRs22.50
650 0 _aConsolidation of land holdings
_xLaw and legislation
_zIndia
_zUttar Pradesh.
700 1 _aAhmad, Ejaz,
_eed.
700 1 _aMalik, K. K.,
_eed.
999 _c80749
_d80749